000 00411nam a22001697a 4500
005 20250812120934.0
008 250812b |||||||| |||| 00| 0 eng d
020 _a9789354899089
041 _aEng
082 _a954 SAN
100 _aSanghi, Ashwin
245 _aThe Magicians of Mazda
260 _aGurugram
_bHapper Collion
_c2025
300 _a472;. p. 21 cm
650 _aHistory; Fiction
942 _cBK
999 _c46461
_d46461